TV Shows: Mixed Word & Missing Word Quiz Stats

 Plays Quiz Updated Mar 30, 2012

Also try: TV Cities
Challenge
Share
Tweet
Embed
Score 0/30 Timer 07:00
0 Plays Today
Mixed & Missing Full TV Show Title % Correct
WHO ___ TEM ___ ROTHEMHow I Met Your Mother
90.8%
FUBYF ___ PRIVEMA ___Buffy the Vampire Slayer
88.8%
___ NI ___ LAMFIYAll in the Family
85.1%
BRUC ___ MESNATIHSUCurb Your Enthusiasm
77.2%
BYO ___ DROWLBoy Meets World
77.2%
___ PU TWIH ___ SKNAARIDHASKeeping Up With the Kardashians
73.2%
___ KEAM ___ LEADLet's Make a Deal
72.3%
SIC: ___ NEECS ___CSI: Crime Scene Investigation
68%
NI ___ THEA ___ HET ___In the Heat of the Night
67.6%
___ HERFS ___ FO ___-RIAThe Fresh Prince of Bel-Air
67.2%
___, DED, ___ DYEDEd, Edd, n Eddy
62.7%
ESOJI ___ HET ___Josie and the Pussycats
62%
STUJ ___ EM!Just Shoot Me!
59%
___ GIB ___ YEHROTThe Big Bang Theory
52.8%
___ SA KLOFQueer as Folk
52.6%
Mixed & Missing Full TV Show Title % Correct
___ NEBYN LILH ___The Benny Hill Show
52.4%
RABSNIA, ___ GEATNEE ___Sabrina, the Teenage Witch
51.5%
TILLET ___ NO ___ RIPEARILittle House on the Prairie
50.8%
___ OS-LEACLD ___My So-Called Life
48.8%
___ SUMEO BLUCMickey Mouse Club
44.4%
HICCO ___ HET ___Chico and the Man
41.8%
___ LIMEKM VILEJimmy Kimmel Live
38.8%
MORGE ___, C.U.S.M.Gomer Pyle, U.S.M.C.
35.4%
HET ___ YECRA ___The Drew Carey Show
33.2%
CORK ___ VOLE ___ TERB ___Rock of Love with Bret Michaels
29.2%
___ LOWDING RYMSETSIEFather Dowling Mysteries
26.7%
___ SKATE ___ FITHEIt Takes a Thief
26.1%
BELTCREYI BAREH ___ RD. ___Celebrity Rehab with Dr. Drew
6.7%
LOCKKHA: ___ THIGN ___Kolchak: The Night Stalker
4.5%
RADFEL ___ SEEPTRNSAlfred Hitchcock Presents
2.4%

You're not logged in!

Compare scores with friends on all Sporcle quizzes.
Join for Free
OR
Log In

You Might Also Like...

Show Comments

Extras

Top Quizzes Today


Score Distribution

Your Account Isn't Verified!

In order to create a playlist on Sporcle, you need to verify the email address you used during registration. Go to your Sporcle Settings to finish the process.

Report this User

Report this user for behavior that violates our Community Guidelines.

Details: